MARC
| LEADER | 00000 a a2200000 04500 | ||
|---|---|---|---|
| 001 | 27850 | ||
| 003 | |||
| 040 | |||
| 090 | |a 186510 | ||
| 110 | |a Universidad Católica Cardenal Raúl Silva Henríquez. Vicerrectoría Académica. Centro de Estudios en Juventud | ||
| 245 | |a Jóvenes: ¿En busca de una identidad perdida? | ||
| 260 | |a Santiago: |b CEJU | ||
| 650 | |a UNIVERSITARIOS NO DIPLOMADOS | ||
| 650 | |a PARTICIPACION POLITICA | ||
| 650 | |a UNIVERSIDADES | ||
| 650 | |a JUVENTUD | ||
| 999 | |c 11393 |d 11393 | ||
